|
|
|
|
| LEADER |
00000nam0a2200000 4500 |
| 001 |
47262 |
| 005 |
20231031025859.0 |
| 010 |
|
|
|a 5060040992
|
| 035 |
|
|
|a (RuTPU)RU\TPU\book\49362
|
| 090 |
|
|
|a 47262
|
| 100 |
|
|
|a 20030205d2002 m y0rusy50 ca
|
| 101 |
0 |
|
|a rus
|
| 102 |
|
|
|a RU
|
| 105 |
|
|
|a a j 001zy
|
| 200 |
1 |
|
|a Экология и охрана биосферы при химическом загрязнении
|e учебное пособие
|f Д. С. Орлов, Л. К. Садовникова, И. Н. Лозановская
|
| 205 |
|
|
|a 2-е изд., перераб. и доп.
|
| 210 |
|
|
|a Москва
|c Высшая школа
|d 2002
|
| 215 |
|
|
|a 334 с.
|c ил.
|
| 320 |
|
|
|a Библиогр.: с. 320-322.
|
| 320 |
|
|
|a Краткий словарь терминов: с. 323-331.
|
| 451 |
|
1 |
|0 (RuTPU)RU\TPU\book\8092
|y 506002590X
|t Экология и охрана биосферы при химическом загрязнении
|o Учебное пособие
|f И. Н. Лозановская, Д. С. Орлов, Л. К. Садовникова
|c М.
|n Высшая школа
|d 1998
|p 287 с.
|a Лозановская, Ирина Николаевна
|
| 610 |
1 |
|
|a экология
|
| 610 |
1 |
|
|a биосфера
|
| 610 |
1 |
|
|a загрязнение
|
| 610 |
1 |
|
|a источники химические
|
| 610 |
1 |
|
|a предельно-допустимые концентрации
|
| 610 |
1 |
|
|a ПДК
|
| 610 |
1 |
|
|a мониторинг
|
| 610 |
1 |
|
|a химические загрязнения
|
| 610 |
1 |
|
|a природа
|
| 610 |
1 |
|
|a охрана
|
| 610 |
1 |
|
|a Россия
|
| 610 |
1 |
|
|a учебные пособия
|
| 675 |
|
|
|a 504.05(075.8)
|v 3
|
| 700 |
|
1 |
|a Орлов
|b Д. С.
|g Дмитрий Сергеевич
|
| 701 |
|
1 |
|a Садовникова
|b Л. К.
|g Людмила Константиновна
|
| 701 |
|
1 |
|a Лозановская
|b И. Н.
|g Ирина Николаевна
|
| 801 |
|
1 |
|a RU
|b 63413507
|c 20030205
|g PSBO
|
| 801 |
|
2 |
|a RU
|b 63413507
|c 20201130
|g PSBO
|
| 900 |
|
|
|a Экология
|
| 942 |
|
|
|c BK
|
| 952 |
|
|
|a 511100
|b 330200
|